| 000 | 00437nam a22001457a 4500 | ||
|---|---|---|---|
| 008 | 151210b xxu||||| |||| 00| 0 eng d | ||
| 050 | _aLA 227.4 .W45 2008 | ||
| 100 | _a White, Byron P. | ||
| 245 |
_aCollective foresight: the leadership challeges for higher education's; _bfuture. |
||
| 300 | _aiv,22p. | ||
| 650 | _aEducation - cooperative | ||
| 650 | _aEducational leadership | ||
| 700 | _aEckel, Peter D. | ||
| 942 |
_2lcc _cREF_BOOK |
||
| 999 |
_c10956 _d10956 |
||